01295cam a22003377a 450000500170000000800410001701000100005801100100006803500100007809000100008810000370009824501460013526000400028130000090032150200850033059000370041559000410045259000410049359000410053459000410057559000410061659000420065765000290069965000390072870000370076771000550080490100070085994900340086694900400090099900170094020220817043036.0971010s1990 r 00010 d a63708 a64680 a70689 aTesis00aMéndez Carreto, Carlos.976479 0aUtilización de la pulpa de café suplementada con bagazo de caña para la producción de champiñón (Agaricus bisporus (Lange) Sing.) aChapingo, Méx. :bEl autor,c1990 a68 h aTesis (Ing. Agroindustrial) -- UACH. Departamento de Ingeniería Agroindustrial aALEPHb10c20130110lUCH01h1346 aBATCH-UPDb10c20130110lUCH01h0214 aBATCH-UPDb10c20130110lUCH01h2003 aBATCH-UPDb10c20130409lUCH01h2231 aBATCH-UPDb10c20130410lUCH01h1323 aBATCH-UPDb10c20130914lUCH01h1821 aCONVERSIONb10c20130109lUCH01h133414aAgaricus bisporus.9106314aPulpa de café como abono.9929980 aSandoval Salas, Fabiola.91021680 aUACH. Departamento de Ingeniería Agroindustrial. aBK bIAcTESd-3069eTS1i70689si bIAcTESd-46151eTS2fc.2i70689si c63708d63708